Scientific works

محفوظ في:
التفاصيل البيبلوغرافية
المؤلف الرئيسي: Yukawa, Hideki
التنسيق: كتاب
اللغة:Undetermined
منشور في: Tokyo Iwanami Shoten 1979
الموضوعات:
الوسوم: إضافة وسم
لا توجد وسوم, كن أول من يضع وسما على هذه التسجيلة!
Thư viện lưu trữ: Trung tâm Học liệu Trường Đại học Cần Thơ
LEADER 00455nam a2200181Ia 4500
001 CTU_88572
008 210402s9999 xx 000 0 und d
082 |a 539.7 
082 |b Y94 
100 |a Yukawa, Hideki 
245 0 |a Scientific works 
245 0 |c Hideki Yukawa 
260 |a Tokyo 
260 |b Iwanami Shoten 
260 |c 1979 
650 |a Nuclear physics 
904 |i M.Loan,Hải 
980 |a Trung tâm Học liệu Trường Đại học Cần Thơ